<?xml version="1.0" encoding="UTF-8"?>
<collection xmlns="http://www.loc.gov/MARC21/slim">
  <record>
    <leader>00000nam  2200000   4500</leader>
    <controlfield tag="001">INLIS000000000003533</controlfield>
    <controlfield tag="005">20250317112010</controlfield>
    <datafield tag="035" ind1="#" ind2="#">
      <subfield code="a">0010-0325000249</subfield>
    </datafield>
    <controlfield tag="007">ta</controlfield>
    <controlfield tag="008">250317################g##########0#ind##</controlfield>
    <datafield tag="020" ind1="#" ind2="#">
      <subfield code="a">978-623-97163-3-2</subfield>
    </datafield>
    <datafield tag="082" ind1="#" ind2="#">
      <subfield code="a">158.2</subfield>
    </datafield>
    <datafield tag="084" ind1="#" ind2="#">
      <subfield code="a">158.2 EST s</subfield>
    </datafield>
    <datafield tag="100" ind1=" " ind2="#">
      <subfield code="a">Esther Idayanti</subfield>
    </datafield>
    <datafield tag="245" ind1="1" ind2="#">
      <subfield code="a">Selingkuh :</subfield>
      <subfield code="b">menemukan cinta seusai luka /</subfield>
      <subfield code="c">Dr. Esther Idayanti, B.Sc, MA., editor, Yuniar Dwi Setiawati</subfield>
    </datafield>
    <datafield tag="250" ind1="#" ind2="#">
      <subfield code="a">Cetakan Pertama</subfield>
    </datafield>
    <datafield tag="260" ind1="#" ind2="#">
      <subfield code="a">Bogor :</subfield>
      <subfield code="b">Big Heart Publishing,</subfield>
      <subfield code="c">2021</subfield>
    </datafield>
    <datafield tag="300" ind1="#" ind2="#">
      <subfield code="a">vii, 259 hlm ;</subfield>
      <subfield code="c">19 cm</subfield>
    </datafield>
    <datafield tag="650" ind1="#" ind2="4">
      <subfield code="a">Psikologi hubungan</subfield>
    </datafield>
    <datafield tag="650" ind1="#" ind2="4">
      <subfield code="a">perselingkuhan</subfield>
    </datafield>
    <datafield tag="700" ind1=" " ind2="#">
      <subfield code="a">Yuniar Dwi Setiawati</subfield>
      <subfield code="g">editor</subfield>
    </datafield>
    <datafield tag="520" ind1="#" ind2="#">
      <subfield code="a">Pernikahan memang tidak mudah. Kadang hal yang tidak kitaharapkan bisa saja terjadi, seperti munculya perselingkuhan. Luka yang digoreskan amatlah dalam. Pihak yang tersakiti berpikir bahwa ia berada diujung kisah yang tak mungkin sanggup dilanjutkannya lagi. Sementara itu, ada pihak yang pernah menyakiti pasangannya, yang menyesal dan bertanya-tanya, apakah masih ada kesempatan baginya. Buku ini memberikan harapan bahwa ada pernikahan yang mampu melalui badai perselingkuhan, bahkan menjadi lebih manis setelahnya. Dilengkapi dengan tips praktis untuk memulihkan dan mengkokohkan pernikahan.</subfield>
    </datafield>
  </record>
</collection>
